Minecraft Mods with the Most Downloads - Statistics

General Stats
  • This quiz has been taken 11 times
  • The average score is 6 of 16
Answer Stats
Picture Answer % Correct
Sodium
100%
Iris Shaders
73%
Fabric API
64%
Entity Model Features
45%
Entity Texture Features
45%
Lithium
45%
Xaero's Minimap
45%
Entity Culling
36%
Mod Menu
36%
Sodium Extra
27%
Architectury API
18%
FerriteCore
18%
Cloth Config API
9%
Fabric Language Kotlin
9%
ImmediatelyFast
9%
YetAnotherConfigLib
0%
No matching quizzes found
Score Distribution
Percent of People with Each Score
Percentile by Number Answered
Your Score History
You have not taken this quiz